000 00785nam a2200229 a 4500
001 000012536
005 20240412074233.0
008 091113s1997 dr c 001 j spa d
040 _aDO-SdBNP
_bspa
_cBNPHU
082 _aRD863.44
_bH532
100 1 _aHerasme A. , Rafael L.,
_d1960-
_919947
245 1 0 _aCarnavá :
_bmito o realidad /
_cRafael L. Herasme A.; prólogo Simón Herasme Matos.
250 _a2a ed.
260 _aSanto Domingo :
_bNuevo Diario,
_c1997.
300 _a161 p. :
_bretrs. ;
_c21 cm.
500 _aIncluye datos biográficos del autor en la contracubierta
504 _aIncluye referencias bibliográficas
650 4 _aCuento dominicano
_926903
650 0 _aLiteratura dominicana.
_967
700 1 _aHerasme Matos, Simón
_epról.
_929240
049 _aBNPD
999 _c12191
_d12191